[Event "Mitropa Cup 27th"]
[Site "Olbia"]
[Date "2008.05.25"]
[Round "1.4"]
[White "Doric, Darko"]
[Black "Plat, Vojtech"]
[Result "1/2-1/2"]
[WhiteElo "2448"]
[BlackElo "2332"]
[PlyCount "75"]
[EventDate "2008.05.25"]
[EventType "team-tourn"]
[EventRounds "9"]
[EventCountry "ITA"]
[Source "ChessBase"]
[SourceDate "2008.07.03"]
[WhiteTeam "Croatia"]
[BlackTeam "Czech Republic"]
[WhiteTeamCountry "CRO"]
[BlackTeamCountry "CZE"]

1. d4 Nf6 2. Bg5 d5 3. e3 g6 4. Bxf6 exf6 5. Bd3 Bd6 6. Qf3 Be6 7. Nc3 c6 8.
Nge2 f5 9. h3 Nd7 10. O-O-O Nf6 11. Rdg1 h5 12. Nf4 Bd7 13. g3 Ne4 14. g4 Qa5
15. Nfe2 Ng5 16. Qg2 fxg4 17. hxg4 Bxg4 18. f4 Ne6 19. f5 gxf5 20. Qf2 Qd8 21.
Kb1 Qg5 22. Ng3 Bxg3 23. Rxg3 O-O-O 24. Rf1 Rdg8 25. Na4 h4 26. Rgg1 h3 27. Qh2
Qxe3 28. Nc5 Qxd4 29. Nxe6 fxe6 30. a4 e5 31. a5 a6 32. Rg3 Qc5 33. Rxg4 e4 34.
Rxg8+ Rxg8 35. Qe5 Rg5 36. Qe8+ Kc7 37. Qf7+ Kc8 38. Qe8+ 1/2-1/2

[Event "Mitropa Cup 27th"]
[Site "Olbia"]
[Date "2008.05.25"]
[Round "1.1"]
[White "Le Roux, Jean Pierre"]
[Black "Erdos, Viktor"]
[Result "1/2-1/2"]
[WhiteElo "2482"]
[BlackElo "2576"]
[PlyCount "50"]
[EventDate "2008.05.25"]
[EventType "team-tourn"]
[EventRounds "9"]
[EventCountry "ITA"]
[Source "ChessBase"]
[SourceDate "2008.07.03"]
[WhiteTeam "France"]
[BlackTeam "Hungary"]
[WhiteTeamCountry "FRA"]
[BlackTeamCountry "HUN"]

1. c4 e6 2. Nf3 Nf6 3. g3 d5 4. d4 dxc4 5. Bg2 Bb4+ 6. Bd2 a5 7. O-O O-O 8. Qc2
b5 9. Bg5 Ra6 10. a4 bxa4 11. Na3 h6 12. Bxf6 Qxf6 13. Nxc4 Nd7 14. Rfd1 c5 15.
Qxa4 cxd4 16. Qb5 e5 17. Ncxe5 Nxe5 18. Qxe5 Qxe5 19. Nxe5 Re6 20. f4 f6 21.
Rac1 fxe5 22. Bd5 Kh8 23. Rxc8 Rxc8 24. Bxe6 Rc6 25. Bd5 Rd6 1/2-1/2

[Event "Mitropa Cup 27th"]
[Site "Olbia"]
[Date "2008.05.25"]
[Round "1.2"]
[White "Gonda, Laszlo"]
[Black "Benitah, Yohan"]
[Result "1/2-1/2"]
[WhiteElo "2509"]
[BlackElo "2425"]
[PlyCount "115"]
[EventDate "2008.05.25"]
[EventType "team-tourn"]
[EventRounds "9"]
[EventCountry "ITA"]
[Source "ChessBase"]
[SourceDate "2008.07.03"]
[WhiteTeam "Hungary"]
[BlackTeam "France"]
[WhiteTeamCountry "HUN"]
[BlackTeamCountry "FRA"]

1. d4 d5 2. c4 c6 3. Nf3 Nf6 4. Qb3 e6 5. g3 Be7 6. Bg2 O-O 7. O-O b5 8. cxb5
cxb5 9. Ne5 b4 10. Bg5 a5 11. Nd2 Bb7 12. Rfc1 Qb6 13. Ndf3 h6 14. Bxf6 Bxf6
15. e3 a4 16. Qc2 Ra7 17. Bf1 Be7 18. Bd3 Ba6 19. Bxa6 Rxa6 20. Ne1 Bd6 21.
N1d3 Rd8 22. Qd1 Ra7 23. b3 axb3 24. axb3 Rxa1 25. Rxa1 Nc6 26. Nxc6 Qxc6 27.
Qc1 Qb6 28. Qc2 g6 29. Rc1 Rb8 30. Nb2 Kg7 31. Qc6 Qxc6 32. Rxc6 Be7 33. g4 Kf8
34. Kg2 Ke8 35. Na4 Kd7 36. Rc1 Kd8 37. Kf3 Rc8 38. Rxc8+ Kxc8 39. e4 Kc7 40.
exd5 exd5 41. Nb2 Bd6 42. h3 Kd7 43. Nd3 Ke6 44. Ke3 Kf6 45. f4 g5 46. Kf3 Ke7
47. fxg5 hxg5 48. Ne1 Ke6 49. Nc2 Be7 50. Ne3 Bf6 51. Nf5 Bd8 52. Kg2 Kd7 53.
Ne3 Ke6 54. Nc2 Be7 55. Ne1 Bd8 56. Nf3 f5 57. Ne5 fxg4 58. hxg4 1/2-1/2

[Event "Mitropa Cup 27th"]
[Site "Olbia"]
[Date "2008.05.25"]
[Round "1.3"]
[White "Vitoux, Colomban"]
[Black "Fodor, Tamas Jr"]
[Result "0-1"]
[WhiteElo "2445"]
[BlackElo "2432"]
[PlyCount "116"]
[EventDate "2008.05.25"]
[EventType "team-tourn"]
[EventRounds "9"]
[EventCountry "ITA"]
[Source "ChessBase"]
[SourceDate "2008.07.03"]
[WhiteTeam "France"]
[BlackTeam "Hungary"]
[WhiteTeamCountry "FRA"]
[BlackTeamCountry "HUN"]

1. e4 e5 2. d4 exd4 3. Nf3 Nc6 4. Nxd4 Bc5 5. Nf5 g6 6. Ne3 Nf6 7. Nc3 O-O 8.
Bd3 Re8 9. O-O Bf8 10. Ned5 Nxd5 11. exd5 Ne5 12. Ne4 d6 13. Bg5 Be7 14. f4
Nxd3 15. cxd3 Bf5 16. Qf3 Bxe4 17. dxe4 Bxg5 18. fxg5 Qd7 19. h4 Re5 20. Rac1
Rae8 21. Rc4 R8e7 22. Rfc1 Qc8 23. Kh2 b5 24. Rb4 Qe8 25. Kg1 a5 26. Rd4 Rxe4
27. Rxe4 Rxe4 28. Rxc7 b4 29. h5 Re1+ 30. Kf2 Re5 31. Kg1 gxh5 32. Qf6 Re1+ 33.
Kh2 Qe5+ 34. Qxe5 Rxe5 35. Rd7 Rxd5 36. Kh3 Kg7 37. b3 Kg6 38. Kh4 Rd2 39. Kg3
Kxg5 40. Rxf7 Rxa2 41. Rb7 Ra3 42. Rb5+ Kf6 43. Kf4 h4 44. Rh5 Rxb3 45. Rxa5
Rb1 46. Rd5 Ke6 47. Rd2 b3 48. Ke4 Rc1 49. Rb2 Rc3 50. Kd4 Rg3 51. Re2+ Kd7 52.
Kd5 h5 53. Rf2 Kc7 54. Rf7+ Kb6 55. Rf8 Ka7 56. Rf2 Ka6 57. Kc4 Kb6 58. Rf8 Kc7
0-1

[Event "Mitropa Cup 27th"]
[Site "Olbia"]
[Date "2008.05.25"]
[Round "1.4"]
[White "Pap, Gyula"]
[Black "Monroy, Charles"]
[Result "0-1"]
[WhiteElo "2451"]
[BlackElo "2399"]
[PlyCount "70"]
[EventDate "2008.05.25"]
[EventType "team-tourn"]
[EventRounds "9"]
[EventCountry "ITA"]
[Source "ChessBase"]
[SourceDate "2008.07.03"]
[WhiteTeam "Hungary"]
[BlackTeam "France"]
[WhiteTeamCountry "HUN"]
[BlackTeamCountry "FRA"]

1. Nf3 d6 2. c4 e5 3. Nc3 f5 4. d4 e4 5. Ng5 Be7 6. Nh3 c6 7. e3 Nf6 8. Nf4 O-O
9. h4 Na6 10. Be2 Nc7 11. d5 Nd7 12. h5 Ne5 13. Bd2 Bd7 14. Qb3 c5 15. a4 b6
16. O-O-O Rb8 17. f3 exf3 18. gxf3 a6 19. Rdg1 Qe8 20. h6 g6 21. Nh5 b5 22.
axb5 axb5 23. cxb5 Nxb5 24. Ng7 Qf7 25. Qc2 Ra8 26. f4 Ra1+ 27. Nb1 Ng4 28. Ne6
Rb8 29. Rxg4 fxg4 30. Bxg4 Bf6 31. f5 Kh8 32. fxg6 Qxg6 33. Bf5 Qg2 34. Be4 Na3
35. Bxg2 Nxc2 0-1

[Event "Mitropa Cup 27th"]
[Site "Olbia"]
[Date "2008.05.25"]
[Round "1.1"]
[White "Jenni, Florian"]
[Black "Baramidze, David"]
[Result "0-1"]
[WhiteElo "2550"]
[BlackElo "2583"]
[PlyCount "56"]
[EventDate "2008.05.25"]
[EventType "team-tourn"]
[EventRounds "9"]
[EventCountry "ITA"]
[Source "ChessBase"]
[SourceDate "2008.07.03"]
[WhiteTeam "Switzerland"]
[BlackTeam "Germany"]
[WhiteTeamCountry "SUI"]
[BlackTeamCountry "GER"]

1. e4 c5 2. Nf3 d6 3. d4 cxd4 4. Nxd4 Nf6 5. Nc3 a6 6. Be3 e5 7. Nb3 Be6 8. Qd2
Nbd7 9. f4 Rc8 10. Bd3 Be7 11. f5 Bc4 12. Qe2 b5 13. Nd2 Bxd3 14. cxd3 O-O 15.
O-O b4 16. Na4 d5 17. Rfc1 Qa5 18. b3 Nc5 19. Nxc5 Bxc5 20. Bxc5 Rxc5 21. Nf3
Rfc8 22. Rxc5 Qxc5+ 23. Kh1 Qb5 24. Re1 d4 25. g4 Rc3 26. g5 Ng4 27. Nxd4 Qxd3
28. Qxd3 Nf2+ 0-1

[Event "Mitropa Cup 27th"]
[Site "Olbia"]
[Date "2008.05.25"]
[Round "1.2"]
[White "Braun, Arik"]
[Black "Gallagher, Joseph G"]
[Result "0-1"]
[WhiteElo "2529"]
[BlackElo "2480"]
[PlyCount "100"]
[EventDate "2008.05.25"]
[EventType "team-tourn"]
[EventRounds "9"]
[EventCountry "ITA"]
[Source "ChessBase"]
[SourceDate "2008.07.03"]
[WhiteTeam "Germany"]
[BlackTeam "Switzerland"]
[WhiteTeamCountry "GER"]
[BlackTeamCountry "SUI"]

1. d4 Nf6 2. c4 g6 3. Nc3 Bg7 4. e4 d6 5. f3 O-O 6. Nge2 c5 7. d5 e6 8. Ng3
exd5 9. cxd5 h5 10. Bg5 Qb6 11. Qd2 Nh7 12. Be3 Nd7 13. O-O-O h4 14. Nge2 Qa5
15. Kb1 b5 16. Nc1 b4 17. N3e2 Ne5 18. Nf4 Rb8 19. Qf2 Qd8 20. g3 Qf6 21. Rd2
a5 22. gxh4 a4 23. Rg1 a3 24. b3 Bd7 25. h5 g5 26. Qg3 gxf4 27. Bxf4 Kh8 28.
Rdg2 Bh6 29. Bxh6 Qxh6 30. f4 Ng4 31. Bd3 Rg8 32. e5 Ngf6 33. Qh4 Rxg2 34. Rxg2
Nxd5 35. exd6 Qxf4 36. Qe1 Re8 37. Qg1 Qxd6 38. Rg7 Ndf6 39. h6 Qf8 40. Ne2
Rxe2 41. Bxe2 Bf5+ 42. Kc1 Bg6 43. h4 Ng8 44. Bc4 Nxh6 45. Rxg6 fxg6 46. Qxg6
Qf4+ 47. Kd1 Nf6 48. Qg5 Qd4+ 49. Ke2 Nhg4 50. Qf5 Qb2+ 0-1

[Event "Mitropa Cup 27th"]
[Site "Olbia"]
[Date "2008.05.25"]
[Round "1.3"]
[White "Huss, Andreas"]
[Black "Naumann, Alexander"]
[Result "1/2-1/2"]
[WhiteElo "2380"]
[BlackElo "2523"]
[PlyCount "81"]
[EventDate "2008.05.25"]
[EventType "team-tourn"]
[EventRounds "9"]
[EventCountry "ITA"]
[Source "ChessBase"]
[SourceDate "2008.07.03"]
[WhiteTeam "Switzerland"]
[BlackTeam "Germany"]
[WhiteTeamCountry "SUI"]
[BlackTeamCountry "GER"]

1. d4 d5 2. c4 e6 3. Nf3 Nf6 4. cxd5 exd5 5. Nc3 c6 6. Qc2 g6 7. Bg5 Be7 8. e4
dxe4 9. Bxf6 Bxf6 10. Qxe4+ Qe7 11. Bc4 Bf5 12. Qxe7+ Kxe7 13. O-O Rd8 14.
Rae1+ Kf8 15. Ne4 Bxe4 16. Rxe4 Nd7 17. Ne5 Nb6 18. Bb3 Nd5 19. f4 h5 20. g3
Kg7 21. h3 a5 22. a3 Ra6 23. Bc4 Raa8 24. Kg2 a4 25. g4 hxg4 26. hxg4 Rh8 27.
g5 Bd8 28. Rf3 Rh5 29. Rh3 Rxh3 30. Kxh3 Bc7 31. Nd3 Bd6 32. Kg3 Ne7 33. Ne5
Nd5 34. Re2 Ra5 35. Kf3 Bc7 36. Rc2 Bb6 37. Ke4 f5+ 38. gxf6+ Nxf6+ 39. Kd3 Nd5
40. Ke4 Nf6+ 41. Ke3 1/2-1/2

[Event "Mitropa Cup 27th"]
[Site "Olbia"]
[Date "2008.05.25"]
[Round "1.4"]
[White "Huschenbeth, Niclas"]
[Black "Hindermann, Felix"]
[Result "1/2-1/2"]
[WhiteElo "2453"]
[BlackElo "2298"]
[PlyCount "43"]
[EventDate "2008.05.25"]
[EventType "team-tourn"]
[EventRounds "9"]
[EventCountry "ITA"]
[Source "ChessBase"]
[SourceDate "2008.07.03"]
[WhiteTeam "Germany"]
[BlackTeam "Switzerland"]
[WhiteTeamCountry "GER"]
[BlackTeamCountry "SUI"]

1. e4 e6 2. d4 d5 3. Nc3 dxe4 4. Nxe4 Nf6 5. Nxf6+ Qxf6 6. Nf3 h6 7. Be2 Nc6 8.
O-O Bd6 9. b3 e5 10. Bb2 exd4 11. Bb5 O-O 12. Bxc6 bxc6 13. Bxd4 Qf5 14. Bb2 c5
15. Qd3 Qh5 16. Rfe1 Bb7 17. Ne5 f6 18. Qc4+ Kh7 19. Qd3+ Kg8 20. Qc4+ Kh7 21.
Qd3+ Kg8 22. Qc4+ 1/2-1/2

[Event "Mitropa Cup 27th"]
[Site "Olbia"]
[Date "2008.05.25"]
[Round "1.1"]
[White "Caruana, Fabiano"]
[Black "Markos, Jan"]
[Result "1-0"]
[WhiteElo "2620"]
[BlackElo "2565"]
[PlyCount "87"]
[EventDate "2008.05.25"]
[EventType "team-tourn"]
[EventRounds "9"]
[EventCountry "ITA"]
[Source "ChessBase"]
[SourceDate "2008.07.03"]
[WhiteTeam "Italy"]
[BlackTeam "Slovakia"]
[WhiteTeamCountry "ITA"]
[BlackTeamCountry "SVK"]

1. c4 Nf6 2. Nc3 e5 3. Nf3 Nc6 4. a3 g6 5. d3 Bg7 6. g3 Nd4 7. Nxd4 exd4 8. Nb5
d5 9. Bf4 O-O 10. Nxc7 dxc4 11. dxc4 Nh5 12. Nxa8 Nxf4 13. gxf4 Re8 14. Qd2 Bg4
15. h3 Bf3 16. Rg1 Qxa8 17. O-O-O Be4 18. e3 b5 19. c5 dxe3 20. fxe3 Qc8 21.
Bd3 Bf3 22. Be2 Qxc5+ 23. Kb1 Be4+ 24. Bd3 Bf3 25. Rdf1 Qd5 26. Rg5 f5 27. Qc2
Rxe3 28. Bxf5 Qd4 29. Rxf3 Rxf3 30. Be6+ Kf8 31. Rxb5 Qd3 32. Qxd3 Rxd3 33. Rb7
Bd4 34. Rd7 Re3 35. Rxd4 Rxe6 36. Rd7 a5 37. Ra7 Re3 38. Rxa5 Rxh3 39. Rb5 Rf3
40. a4 Rxf4 41. a5 h5 42. b4 Rf7 43. a6 Ra7 44. Rb8+ 1-0

[Event "Mitropa Cup 27th"]
[Site "Olbia"]
[Date "2008.05.25"]
[Round "1.2"]
[White "Vavrak, Peter"]
[Black "Godena, Michele"]
[Result "0-1"]
[WhiteElo "2466"]
[BlackElo "2528"]
[PlyCount "73"]
[EventDate "2008.05.25"]
[EventType "team-tourn"]
[EventRounds "9"]
[EventCountry "ITA"]
[Source "ChessBase"]
[SourceDate "2008.07.03"]
[WhiteTeam "Slovakia"]
[BlackTeam "Italy"]
[WhiteTeamCountry "SVK"]
[BlackTeamCountry "ITA"]

1. c4 e6 2. Nc3 d5 3. d4 Nf6 4. cxd5 exd5 5. Bg5 Nbd7 6. e3 Be7 7. Bd3 c6 8.
Nge2 Nh5 9. Bxe7 Qxe7 10. g4 Nhf6 11. Ng3 Nb6 12. g5 Ng8 13. h4 Qd6 14. Qc2 Ne7
15. Nh5 Kf8 16. Rg1 Ng6 17. O-O-O Nxh4 18. Rh1 Nf3 19. Bf5 g6 20. Bxc8 Rxc8 21.
Nf4 Nxg5 22. Nd3 Nd7 23. f4 Ne4 24. Nxe4 dxe4 25. Nc5 Nf6 26. Nxb7 Qd5 27. Nc5
Qxa2 28. f5 Rb8 29. fxg6 fxg6 30. Rdf1 Kg7 31. Qc3 Nd5 32. Ne6+ Kg8 33. Qa3
Qxa3 34. bxa3 Re8 35. Ng5 Re7 36. Rh6 Nxe3 37. Rf4 0-1

[Event "Mitropa Cup 27th"]
[Site "Olbia"]
[Date "2008.05.25"]
[Round "1.3"]
[White "Garcia Palermo, Carlos H"]
[Black "Macak, Stefan"]
[Result "1-0"]
[WhiteElo "2465"]
[BlackElo "2342"]
[PlyCount "59"]
[EventDate "2008.05.25"]
[EventType "team-tourn"]
[EventRounds "9"]
[EventCountry "ITA"]
[Source "ChessBase"]
[SourceDate "2008.07.03"]
[WhiteTeam "Italy"]
[BlackTeam "Slovakia"]
[WhiteTeamCountry "ITA"]
[BlackTeamCountry "SVK"]

1. d4 e6 2. Nf3 Nf6 3. g3 b5 4. Bg5 Bb7 5. e3 h6 6. Bxf6 Qxf6 7. Nbd2 a6 8. Bg2
g5 9. O-O Bg7 10. a4 O-O 11. axb5 axb5 12. Qe2 Qg6 13. Ne5 Bxe5 14. Bxb7 Rxa1
15. Rxa1 Bg7 16. Be4 f5 17. Bd3 e5 18. dxe5 Bxe5 19. Nf3 Bxb2 20. Rb1 Qg7 21.
c4 Bc3 22. cxb5 Kh8 23. Rc1 Ba5 24. Nd4 Qe5 25. Qh5 Kg7 26. g4 Bd2 27. Nxf5+
Rxf5 28. gxf5 Bxc1 29. Qg6+ Kf8 30. f6 1-0

[Event "Mitropa Cup 27th"]
[Site "Olbia"]
[Date "2008.05.25"]
[Round "1.4"]
[White "Smolen, Jan"]
[Black "Bellini, Fabio"]
[Result "1-0"]
[WhiteElo "2445"]
[BlackElo "2518"]
[PlyCount "125"]
[EventDate "2008.05.25"]
[EventType "team-tourn"]
[EventRounds "9"]
[EventCountry "ITA"]
[Source "ChessBase"]
[SourceDate "2008.07.03"]
[WhiteTeam "Slovakia"]
[BlackTeam "Italy"]
[WhiteTeamCountry "SVK"]
[BlackTeamCountry "ITA"]

1. e4 e5 2. Nf3 Nc6 3. Bc4 Bc5 4. c3 Nf6 5. d3 O-O 6. O-O d5 7. exd5 Nxd5 8.
Re1 Bg4 9. h3 Bh5 10. b4 Be7 11. b5 Na5 12. Rxe5 Nf6 13. Nbd2 Bd6 14. Re1 Re8
15. Rxe8+ Qxe8 16. Qa4 Nxc4 17. Qxc4 a6 18. Rb1 axb5 19. Qxb5 c6 20. Qb3 Bg6
21. Nc4 Bc7 22. Bg5 Nd5 23. Re1 Qc8 24. Nce5 Nxc3 25. Nxg6 hxg6 26. Qxc3 Ba5
27. Qb3 Bxe1 28. Nxe1 Ra5 29. Nf3 Qa8 30. Bc1 Rb5 31. Qc2 Ra5 32. a3 Rd5 33. d4
Qe8 34. Be3 f6 35. Qb3 Qe7 36. a4 g5 37. Qb4 Qc7 38. Nd2 Kf7 39. Ne4 b6 40. Qc4
Kf8 41. Nc3 Rd8 42. d5 c5 43. Nb5 Qf7 44. Nc3 Kg8 45. Qb3 Qa7 46. d6+ Kf8 47.
Nb5 Qf7 48. Qd3 Qe6 49. Qd1 Kf7 50. Qf3 g4 51. Qxg4 Qxg4 52. hxg4 Ke6 53. g5
Kd5 54. gxf6 gxf6 55. Bf4 Ke4 56. Nc7 c4 57. Kf1 Rd7 58. g3 Kd3 59. Nd5 c3 60.
Nxb6 Rd8 61. d7 c2 62. a5 Kd4 63. Be3+ 1-0

[Event "Mitropa Cup 27th"]
[Site "Olbia"]
[Date "2008.05.26"]
[Round "2.1"]
[White "Neubauer, Martin"]
[Black "Jenni, Florian"]
[Result "1-0"]
[WhiteElo "2550"]
[BlackElo "2446"]
[PlyCount "91"]
[EventDate "2008.05.25"]
[EventType "team-tourn"]
[EventRounds "9"]
[EventCountry "ITA"]
[Source "ChessBase"]
[SourceDate "2008.07.03"]
[WhiteTeam "Austria"]
[BlackTeam "Switzerland"]
[WhiteTeamCountry "AUT"]
[BlackTeamCountry "SUI"]

1. d4 Nf6 2. Nf3 e6 3. c4 c5 4. e3 cxd4 5. exd4 d6 6. Nc3 Be7 7. Bd3 O-O 8. O-O
Nbd7 9. Bf4 b6 10. Re1 Bb7 11. Rc1 a6 12. a3 Re8 13. h3 Bf8 14. Bh2 g6 15. b4
Rc8 16. Rc2 Qc7 17. Rd2 Qb8 18. Bf1 Qa8 19. Re3 d5 20. Ne5 dxc4 21. Nxc4 Bh6
22. f4 Bf8 23. Qe1 b5 24. Ne5 Nb6 25. g4 Nbd5 26. Nxd5 Bxd5 27. Rf2 Ne4 28. Rb2
Nd6 29. f5 Qa7 30. fxg6 hxg6 31. Rd3 Nc4 32. Rf2 Re7 33. h4 Bh6 34. g5 Bg7 35.
h5 gxh5 36. Qd1 Be4 37. Qxh5 Bxd3 38. Bxd3 Nxe5 39. Bxe5 Rc1+ 40. Kg2 Qb7+ 41.
Rf3 Bxe5 42. dxe5 Rd7 43. Qh7+ Kf8 44. g6 f5 45. Qh8+ Ke7 46. g7 1-0

[Event "Mitropa Cup 27th"]
[Site "Olbia"]
[Date "2008.05.26"]
[Round "2.2"]
[White "Gallagher, Joseph G"]
[Black "Baumegger, Siegfried"]
[Result "1-0"]
[WhiteElo "2480"]
[BlackElo "2440"]
[PlyCount "79"]
[EventDate "2008.05.25"]
[EventType "team-tourn"]
[EventRounds "9"]
[EventCountry "ITA"]
[Source "ChessBase"]
[SourceDate "2008.07.03"]
[WhiteTeam "Switzerland"]
[BlackTeam "Austria"]
[WhiteTeamCountry "SUI"]
[BlackTeamCountry "AUT"]

1. e4 c5 2. Nf3 e6 3. d4 cxd4 4. Nxd4 Nc6 5. Nc3 d6 6. Be3 Nf6 7. f3 Be7 8. Qd2
O-O 9. O-O-O d5 10. exd5 Nxd5 11. Nxd5 Qxd5 12. Nxc6 Qxc6 13. Bd3 e5 14. Qa5
Be6 15. Qxe5 Bf6 16. Qe4 Qxe4 17. Bxe4 Bxa2 18. b3 Rac8 19. Rd3 a5 20. Bxb7 Rc7
21. Ba6 a4 22. bxa4 Ra8 23. Rhd1 h6 24. Bb5 Rac8 25. R1d2 Bc4 26. Rd7 Bc3 27.
R2d6 Rxd7 28. Rxd7 Be6 29. Rd3 Be5 30. Bd7 Rc4 31. Bxe6 fxe6 32. Ra3 Bxh2 33.
a5 Bd6 34. Ra2 Rc8 35. a6 Kf7 36. a7 Ra8 37. Ra6 Ke7 38. Kd2 Kd7 39. Kd3 Bc7
40. Ke4 1-0

[Event "Mitropa Cup 27th"]
[Site "Olbia"]
[Date "2008.05.26"]
[Round "2.3"]
[White "Pilaj, Herwig"]
[Black "Huss, Andreas"]
[Result "1/2-1/2"]
[WhiteElo "2389"]
[BlackElo "2380"]
[PlyCount "40"]
[EventDate "2008.05.25"]
[EventType "team-tourn"]
[EventRounds "9"]
[EventCountry "ITA"]
[Source "ChessBase"]
[SourceDate "2008.07.03"]
[WhiteTeam "Austria"]
[BlackTeam "Switzerland"]
[WhiteTeamCountry "AUT"]
[BlackTeamCountry "SUI"]

1. d4 Nf6 2. c4 e6 3. Nf3 b6 4. Nc3 Bb4 5. Bg5 Bb7 6. Qc2 h6 7. Bh4 g5 8. Bg3
Ne4 9. Be5 f6 10. d5 fxe5 11. Qxe4 Bxc3+ 12. bxc3 Qf6 13. h4 gxh4 14. Qxe5 Qxe5
15. Nxe5 exd5 16. cxd5 Bxd5 17. Rxh4 Nc6 18. Ng4 Be6 19. Nxh6 O-O-O 20. e3 Ne5
1/2-1/2

[Event "Mitropa Cup 27th"]
[Site "Olbia"]
[Date "2008.05.26"]
[Round "2.4"]
[White "Hindermann, Felix"]
[Black "Kreisl, Robert"]
[Result "0-1"]
[WhiteElo "2298"]
[BlackElo "2322"]
[PlyCount "124"]
[EventDate "2008.05.25"]
[EventType "team-tourn"]
[EventRounds "9"]
[EventCountry "ITA"]
[Source "ChessBase"]
[SourceDate "2008.07.03"]
[WhiteTeam "Switzerland"]
[BlackTeam "Austria"]
[WhiteTeamCountry "SUI"]
[BlackTeamCountry "AUT"]

1. e4 c5 2. c3 Nf6 3. e5 Nd5 4. d4 cxd4 5. Qxd4 e6 6. Nf3 Nc6 7. Qe4 f5 8. Qe2
Qc7 9. g3 d6 10. exd6 Bxd6 11. Bg2 O-O 12. O-O Nf6 13. c4 e5 14. c5 Be7 15.
Qc4+ Kh8 16. b4 e4 17. Bf4 Qd7 18. Ne5 Qd5 19. Nc3 Qxc4 20. Nxc4 Nxb4 21. Rab1
Nd3 22. Nb5 Nxf4 23. gxf4 Nd5 24. Ne3 Nxe3 25. fxe3 Bxc5 26. Nc7 Bxe3+ 27. Kh1
Rb8 28. Na6 Ra8 29. Nc7 Rb8 30. Na6 Be6 31. Nxb8 Rxb8 32. Rb2 b6 33. Re2 Bc5
34. Rd1 Kg8 35. Rc2 Kf7 36. Bf1 Ke7 37. Bc4 Bxc4 38. Rxc4 Rd8 39. Rxd8 Kxd8 40.
Rc1 Be3 41. Rf1 Ke7 42. Kg2 b5 43. Kg3 Ke6 44. Rd1 g5 45. fxg5 Bxg5 46. Rb1 a6
47. a4 bxa4 48. Rb6+ Ke5 49. Rxa6 f4+ 50. Kf2 Bh4+ 51. Kf1 f3 52. Rxa4 Kf4 53.
Rb4 Bf6 54. Kf2 Be7 55. Ra4 Bc5+ 56. Kf1 Ke3 57. Ra8 Kd3 58. Rd8+ Kc4 59. Re8
e3 60. Ke1 Kd3 61. Rd8+ Bd4 62. Re8 e2 0-1

[Event "Mitropa Cup 27th"]
[Site "Olbia"]
[Date "2008.05.26"]
[Round "2.3"]
[White "Fodor, Tamas Jr"]
[Black "Saric, Ivan"]
[Result "0-1"]
[WhiteElo "2432"]
[BlackElo "2500"]
[PlyCount "119"]
[EventDate "2008.05.25"]
[EventType "team-tourn"]
[EventRounds "9"]
[EventCountry "ITA"]
[Source "ChessBase"]
[SourceDate "2008.07.03"]
[WhiteTeam "Hungary"]
[BlackTeam "Croatia"]
[WhiteTeamCountry "HUN"]
[BlackTeamCountry "CRO"]

1. d4 Nf6 2. c4 g6 3. Nc3 Bg7 4. e4 d6 5. Bd3 Nbd7 6. Nge2 c5 7. Bc2 cxd4 8.
Nxd4 a6 9. O-O Qc7 10. Qe2 O-O 11. Rd1 Ne5 12. Bb3 b6 13. f3 Bb7 14. Be3 e6 15.
Rac1 Rac8 16. Nb1 Rfd8 17. a3 Qb8 18. Bf4 h6 19. Nc3 Kh8 20. Nc2 Qc7 21. Ne3
Nh5 22. Bg3 Nxg3 23. hxg3 Nc6 24. Ba2 Nd4 25. Qf2 b5 26. Rd2 bxc4 27. Nxc4 Nb5
28. Ne2 Qb8 29. Rcd1 Bf8 30. Ne3 Qa7 31. a4 Nc7 32. Nd4 e5 33. Ndc2 Ne6 34. b4
h5 35. Nc4 Qxf2+ 36. Kxf2 Bc6 37. Nb6 Rb8 38. a5 Kg7 39. Bc4 Nc7 40. Ne3 Nb5
41. Bxb5 Bxb5 42. Rc1 d5 43. Rxd5 Bxb4 44. Nbc4 Rxd5 45. exd5 Rc8 46. Rc2 Kf6
47. f4 exf4 48. gxf4 Bc5 49. Kf3 Re8 50. g3 Ke7 51. Ne5 Bxe3 52. Kxe3 f6 53.
Nxg6+ Kf7+ 54. Kd4 Kxg6 55. Rc7 Re1 56. d6 Rd1+ 57. Kc5 Kf5 58. Rh7 Rc1+ 59.
Kd5 Bc6+ 60. Kd4 0-1

[Event "Mitropa Cup 27th"]
[Site "Olbia"]
[Date "2008.05.26"]
[Round "2.4"]
[White "Doric, Darko"]
[Black "Pap, Gyula"]
[Result "1/2-1/2"]
[WhiteElo "2448"]
[BlackElo "2451"]
[PlyCount "108"]
[EventDate "2008.05.25"]
[EventType "team-tourn"]
[EventRounds "9"]
[EventCountry "ITA"]
[Source "ChessBase"]
[SourceDate "2008.07.03"]
[WhiteTeam "Croatia"]
[BlackTeam "Hungary"]
[WhiteTeamCountry "CRO"]
[BlackTeamCountry "HUN"]

1. d4 e6 2. c4 Nf6 3. Nc3 Bb4 4. Qc2 O-O 5. a3 Bxc3+ 6. Qxc3 b6 7. Bg5 Bb7 8.
f3 h6 9. Bh4 d5 10. e3 Nbd7 11. Nh3 c5 12. cxd5 Nxd5 13. Bxd8 Nxc3 14. Be7 Rfe8
15. Bh4 Nd5 16. Bb5 g5 17. Bf2 Red8 18. e4 N5f6 19. Be3 e5 20. d5 Ne8 21. Nf2
Nd6 22. Bxd7 Rxd7 23. h4 f6 24. Ng4 Kg7 25. hxg5 hxg5 26. Rh7+ Kxh7 27. Nxf6+
Kg6 28. Nxd7 Nf7 29. b4 cxb4 30. axb4 Rd8 31. Nc5 bxc5 32. bxc5 a6 33. c6 Bc8
34. Bb6 Rh8 35. O-O-O Nd8 36. Kb2 Kf7 37. Kb3 Nxc6 38. dxc6 Rh6 39. Bc7 Rxc6
40. Bxe5 Be6+ 41. Kb2 a5 42. Ra1 Ra6 43. Rc1 Rb6+ 44. Ka3 Rb7 45. Rc5 g4 46.
Bc3 Rb8 47. Rc7+ Ke8 48. f4 Rc8 49. Bxa5 Rxc7 50. Bxc7 Bc4 51. Kb4 Bd3 52. e5
Kd7 53. Bb8 Ke6 54. g3 Kf5 1/2-1/2

[Event "Mitropa Cup 27th"]
[Site "Olbia"]
[Date "2008.05.26"]
[Round "2.3"]
[White "Naumann, Alexander"]
[Black "Zilka, Stepan"]
[Result "0-1"]
[WhiteElo "2523"]
[BlackElo "2472"]
[PlyCount "94"]
[EventDate "2008.05.25"]
[EventType "team-tourn"]
[EventRounds "9"]
[EventCountry "ITA"]
[Source "ChessBase"]
[SourceDate "2008.07.03"]
[WhiteTeam "Germany"]
[BlackTeam "Czech Republic"]
[WhiteTeamCountry "GER"]
[BlackTeamCountry "CZE"]

1. e4 c5 2. Nf3 e6 3. d4 cxd4 4. Nxd4 Nc6 5. Nc3 Qc7 6. Be3 a6 7. Qd2 Nf6 8.
O-O-O Bb4 9. f3 Ne5 10. Nb3 b5 11. Qd4 Nc6 12. Qb6 Qxb6 13. Bxb6 Bxc3 14. bxc3
d5 15. Nc5 O-O 16. Be2 dxe4 17. fxe4 Ne5 18. Bc7 Ned7 19. Nxd7 Bxd7 20. Rd4
Rfc8 21. Be5 Bc6 22. Bxf6 gxf6 23. Bd3 Kf8 24. Rb4 Ke7 25. Rf1 Bd7 26. Kd2 Rc5
27. Rf3 Rh5 28. h3 Rg5 29. Bf1 Bc6 30. Rf4 Rc8 31. Rb3 Rd8+ 32. Ke3 Rd1 33. Ra3
Bb7 34. Ke2 Ra1 35. Kf2 Rc1 36. Bd3 f5 37. g4 fxg4 38. Rxg4 Rxg4 39. hxg4 Kd6
40. e5+ Kxe5 41. Bxh7 Kf4 42. c4 bxc4 43. Ra4 Bd5 44. Rxa6 f5 45. gxf5 Rxc2+
46. Ke1 exf5 47. Ra5 Be4 0-1